Sweep : (Record no. 323480)
[ view plain ]
| 000 -LEADER | |
|---|---|
| fixed length control field | 01942cam a2200421 i 4500 |
| 001 - CONTROL NUMBER | |
| control field | 20471320 |
| 005 - DATE AND TIME OF LATEST TRANSACTION | |
| control field | 20200320222856.0 |
| 008 - FIXED-LENGTH DATA ELEMENTS--GENERAL INFORMATION | |
| fixed length control field | 180426s2018 nyu c 000 1 eng |
| 010 ## - LIBRARY OF CONGRESS CONTROL NUMBER | |
| LC control number | 2018014305 |
| 020 ## - INTERNATIONAL STANDARD BOOK NUMBER | |
| International Standard Book Number | 9781419731402 (hardback) |
| 040 ## - CATALOGING SOURCE | |
| Original cataloging agency | DLC |
| Language of cataloging | eng |
| Transcribing agency | DLC |
| Description conventions | rda |
| Modifying agency | DLC |
| 042 ## - AUTHENTICATION CODE | |
| Authentication code | pcc |
| -- | lcac |
| 050 00 - LIBRARY OF CONGRESS CALL NUMBER | |
| Classification number | PZ7.A9314 |
| Item number | Swe 2018 |
| 082 00 - DEWEY DECIMAL CLASSIFICATION NUMBER | |
| Classification number | [Fic] |
| Edition number | 23 |
| 084 ## - OTHER CLASSIFICATION NUMBER | |
| Classification number | JUV013050 |
| -- | JUV039070 |
| -- | JUV037000 |
| Source of number | bisacsh |
| 100 1# - MAIN ENTRY--PERSONAL NAME | |
| Personal name | Auxier, Jonathan, |
| Relator term | author. |
| 9 (RLIN) | 5693804 |
| 245 10 - TITLE STATEMENT | |
| Title | Sweep : |
| Remainder of title | the story of a girl and her monster / |
| Statement of responsibility, etc | a story by Jonathan Auxier. |
| 264 #1 - Production, Publication, Distribution, Manufacture, and Copyright Notice. | |
| Place of production, publication, distribution, manufacture | New York : |
| Name of producer, publisher, distributor, manufacturer | Amulet Books, |
| Date of production, publication, distribution, manufacture, or copyr | 2018. |
| 300 ## - PHYSICAL DESCRIPTION | |
| Extent | 344 pages ; |
| Dimensions | 22 cm |
| 336 ## - Content Type | |
| Content type term | text |
| 337 ## - Media type | |
| Media type term | unmediated |
| 338 ## - Carrier type | |
| Carrier type term | volume |
| 520 ## - SUMMARY, ETC. | |
| Summary, etc | In nineteenth-century England, after her father's disappearance Nan Sparrow, ten, works as a "climbing boy," aiding chimney sweeps, but when her most treasured possessions end up in a fireplace, she unwittingly creates a golem. |
| 650 #1 - SUBJECT ADDED ENTRY--TOPICAL TERM | |
| Topical term or geographic name as entry element | Golem |
| Form subdivision | Fiction. |
| 9 (RLIN) | 5756635 |
| 650 #1 - SUBJECT ADDED ENTRY--TOPICAL TERM | |
| Topical term or geographic name as entry element | Chimney sweeps |
| Form subdivision | Fiction. |
| 9 (RLIN) | 6017125 |
| 650 #1 - SUBJECT ADDED ENTRY--TOPICAL TERM | |
| Topical term or geographic name as entry element | Homeless persons |
| Form subdivision | Fiction. |
| 9 (RLIN) | 5681257 |
| 650 #1 - SUBJECT ADDED ENTRY--TOPICAL TERM | |
| Topical term or geographic name as entry element | Orphans |
| Form subdivision | Fiction. |
| 9 (RLIN) | 5673861 |
| 651 #1 - SUBJECT ADDED ENTRY--GEOGRAPHIC NAME | |
| Geographic name | Great Britain |
| General subdivision | History |
| Chronological subdivision | 19th century |
| Form subdivision | Fiction. |
| 9 (RLIN) | 5684685 |
| 650 #7 - SUBJECT ADDED ENTRY--TOPICAL TERM | |
| Topical term or geographic name as entry element | JUVENILE FICTION / Family / Orphans & Foster Homes. |
| Source of heading or term | bisacsh |
| 9 (RLIN) | 5732379 |
| 650 #7 - SUBJECT ADDED ENTRY--TOPICAL TERM | |
| Topical term or geographic name as entry element | JUVENILE FICTION / Social Issues / Homelessness & Poverty. |
| Source of heading or term | bisacsh |
| 9 (RLIN) | 6017126 |
| 650 #7 - SUBJECT ADDED ENTRY--TOPICAL TERM | |
| Topical term or geographic name as entry element | JUVENILE FICTION / Fantasy & Magic. |
| Source of heading or term | bisacsh |
| 9 (RLIN) | 5675426 |
| 906 ## - LOCAL DATA ELEMENT F, LDF (RLIN) | |
| a | 7 |
| b | cbc |
| c | orignew |
| d | 1 |
| e | ecip |
| f | 20 |
| g | y-gencatlg |
| 925 0# - | |
| -- | acquire |
| -- | 1 shelf copy |
| -- | policy default |
| 942 ## - ADDED ENTRY ELEMENTS (KOHA) | |
| Koha item type | BOOK |
| 948 ## - LOCAL PROCESSING INFORMATION (OCLC); SERIES PART DESIGNATOR (RLIN) | |
| Series part designator, SPT (RLIN) | 01/13/2020 |
| z (OCLC) | Sirsi |
| 955 ## - COPY-LEVEL INFORMATION (RLIN) | |
| -- | xk32 2019-02-28 to CALM |
| 996 ## - | |
| -- | 174121 |
| -- | 34301001602657 |
| -- | J |
| -- | bk |
| -- | wcl |
| -- | o |
| -- | 2 |
| -- | 18.99 |
| -- | micromarketing |
| -- | Aux |
| -- | 01/13/2020 |
| -- | 02/08/2020 |
| -- | 03/04/2020 |
| Withdrawn status | Lost status | Source of classification or shelving scheme | Damaged status | Not for loan | Collection code | Home library | Current library | Shelving location | Date acquired | Cost, normal purchase price | Total Checkouts | Total Renewals | Full call number | Barcode | Date last seen | Date checked out | Cost, replacement price | Price effective from | Koha item type |
|---|---|---|---|---|---|---|---|---|---|---|---|---|---|---|---|---|---|---|---|
| Dewey Decimal Classification | Junior Fiction | Wasatch County Library | Wasatch County Library | Main Floor Junior Area | 01/13/2020 | 18.99 | 14 | 15 | J Auxier | 34301001602657 | 08/26/2025 | 07/28/2025 | 18.99 | 03/20/2020 | BOOK |
